[Event "ROM-ch U14"]
[Site "Calimanesti Caciulata"]
[Date "2019.04.22"]
[Round "9"]
[White "Rata, Andrei"]
[Black "Ispas, Mihai"]
[Result "1/2-1/2"]
[WhiteElo "1407"]
[BlackElo "1335"]
[PlyCount "88"]
[EventDate "2019.04.15"]
[EventType "swiss"]
[EventRounds "9"]
[EventCountry "ROU"]
[SourceTitle "EXT 2020"]
[Source "ChessBase"]
[SourceDate "2019.10.17"]
[SourceVersion "1"]
[SourceVersionDate "2019.10.17"]
[SourceQuality "1"]

1. e4 c5 2. Nf3 e6 3. d4 cxd4 4. Nxd4 a6 5. c4 Nf6 6. Nc3 Qc7 7. a3 Be7 8. Be3 0-0 9. Be2 b6 10. 0-0 Bb7 11. f3 Bd6 12. Kh1 Be7 13. Qd2 Nc6 14. b4 Rfd8 15. Rfc1 d6 16. Na4 Nd7 17. Bf1 Bf6 18. Rd1 Be7 19. Rac1 Rac8 20. Qf2 Nce5 21. Nb3 Qb8 22. Nxb6 Nxb6 23. Bxb6 Re8 24. Na5 Nd7 25. Nxb7 Qxb7 26. Be3 Rc7 27. Bf4 e5 28. Be3 Rec8 29. Rd2 Qc6 30. Rdc2 Qa4 31. Rc3 Qc6 32. g3 Kh8 33. Bh3 Rb8 34. Bxd7 Qxd7 35. Kg2 Kg8 36. Qd2 Qa4 37. Qc2 Qc6 38. Qd2 Qa4 39. Qd5 h6 40. Qd1 Qd7 41. Qd2 Qa4 42. Qe2 Qd7 43. Rd1 Qc6 44. Rd5 Rbb7 1/2-1/2

[Event "ROM-ch U14"]
[Site "Calimanesti Caciulata"]
[Date "2019.04.17"]
[Round "4"]
[White "Bobeanu, Stefan Valentin"]
[Black "Ispas, Mihai"]
[Result "1/2-1/2"]
[WhiteElo "1446"]
[BlackElo "1335"]
[PlyCount "50"]
[EventDate "2019.04.15"]
[EventType "swiss"]
[EventRounds "9"]
[EventCountry "ROU"]
[SourceTitle "CBM 190 Extra"]
[Source "ChessBase"]
[SourceDate "2019.07.15"]
[SourceVersion "1"]
[SourceVersionDate "2019.07.15"]
[SourceQuality "1"]

1. e4 c5 2. c3 d5 3. exd5 Qxd5 4. Nf3 Nc6 5. Bb5 Bd7 6. d3 Nf6 7. Bf4 Bg4 8. Nbd2 a6 9. Bxc6+ Qxc6 10. 0-0 Rd8 11. Qc2 Bf5 12. Ne5 Qd5 13. Ne4 Nxe4 14. dxe4 Qxe4 15. Qxe4 Bxe4 16. Rad1 Rxd1 17. Rxd1 e6 18. f3 Bf5 19. Be3 b5 20. Nc6 Be7 21. Nxe7 Kxe7 22. Bxc5+ Kf6 23. Rd6 a5 24. Bd4+ Kg6 25. Be3 Kf6 1/2-1/2

[Event "ROM-ch U14"]
[Site "Calimanesti"]
[Date "2018.03.27"]
[Round "1"]
[White "Ispas, Mihai"]
[Black "Barbu, Simon Alexandru"]
[Result "0-1"]
[WhiteElo "1069"]
[BlackElo "1613"]
[PlyCount "66"]
[EventDate "2018.03.27"]
[EventType "swiss"]
[EventRounds "9"]
[EventCountry "ROU"]
[SourceTitle "CBM 183 Extra"]
[Source "ChessBase"]
[SourceDate "2018.04.19"]
[SourceVersion "1"]
[SourceVersionDate "2018.04.19"]
[SourceQuality "1"]

1. e4 c6 2. d4 d5 3. Nc3 dxe4 4. Nxe4 Nf6 5. Nxf6+ gxf6 6. Nf3 Bf5 7. Bf4 Nd7 8. Bd3 Bxd3 9. Qxd3 Nb6 10. 0-0-0 e6 11. Rhe1 Bd6 12. Bxd6 Qxd6 13. Qb3 0-0-0 14. c4 Rd7 15. c5 Qf4+ 16. Qe3 Nd5 17. Qxf4 Nxf4 18. Re4 Ng6 19. b4 Rhd8 20. Rd2 e5 21. dxe5 Rxd2 22. Nxd2 fxe5 23. Nf3 f5 24. Re2 e4 25. Nd2 Nf4 26. Re3 Nd3+ 27. Kd1 Nxf2+ 28. Ke2 Nd3 29. Rh3 Nf4+ 30. Ke3 Nxh3 31. gxh3 f4+ 32. Ke2 f3+ 33. Ke3 Rd3+ 0-1